000 00455nam a2200181Ia 4500
001 8284
005 20260306160558.0
008 260306t2011||||xx |||||||||||||| ||spa||
041 _aESP
082 _a370.1523
_bM84
100 _aMontenegro Aldana, Ignacio Abdón
_eAUT
245 0 _aAprendizaje y desarrollo de las competencias
260 _c2011
300 _a160 páginas :
_c24 cm.
650 _aGEN
654 _aCED
942 _cLIB
_dJUS
_fJUS
_2ddc
_n
999 _c8284
_d8284